000 00431 a2200169 4500
001 066852
003 OSt
005 20211018145328.0
008
082 _a510.24
_bS23B
100 1 _aSharma, J.K.
245 1 _aBusiness mathematics: theory and applications
_cby J.K. Sharma
260 _aNew Delhi
_bAne Books
_c2010
300 _a812p.
690 _aBusiness; Mathematics
942 _2ddc
_cBK
999 _c848
_d848